000 01011nam a2200289Ia 4500
003 OSt
005 20220930090823.0
006 a|||||r|||| 00| 0
007 ta
008 220926b |||||||| |||| 00| 0 eng d
024 _a2270
037 _cTheses
040 _aCRL
_cCRL
_beng
041 _2eng
_aeng
100 _aJain Deepti
_9530193
110 _aUniversity of Delhi. Faculty of Medical Sciences. Department of Radiodiagnosis
_9519344
245 0 _aRole of multidetector computed tomography in neck lesions
260 _c2011
650 _aDIAGNOSIS
_9519345
700 _a Dr. Ajay Kumar Gu.
_9532783
700 _a Dr. M. K. Narula Gu.
_9532593
700 _a Dr. Rama Anand Gu.
_9532597
700 _a Dr. Shailaja Shukla Gu.
_9538469
700 _aUniversity of Delhi. Faculty of Medical Sciences. Department of Radiodiagnosis
_9519347
942 _cDIS
_2CC
999 _c881194
_d881194